000 00790nam a2200229Ia 4500
001 9784
003 GE_BSU
008 181216s||||||||xx |||||||||||||| ||und||
040 _cGE_BSU
080 _a821.353.1–32
100 _aმთვარაძე,სიმონ
245 _aჩაშლილი ქორწილი
245 _bმოთხრობები
245 _cრედ.ილ.ხოშტარია,მხატვ.ო.ჯიშკარიანი
260 _aთბილისი
260 _bსაბჭოთა საქართველო
260 _c1968
300 _a455გვ.1ფ.პორტრ..ილ.20სმ.
653 _aმოთხრობები
653 _aჩაშლილი ქორწილი
942 _cBK
999 _c43064
_d43064